banner-ar

DURER (Record no. 66522)

MARC details
000 -الفاتح
حقل البيانات ثابتة الطول 00483nam a2200193Ia 4500
005 - وقت وتاريخ اخر تعامل مع التسجيلة
رقم الضبط 20240530110923.0
008 - عناصر البيانات ثابتة الطول - معلومات عامة
حقل البيانات ثابتة الطول 140319s1969 fr f 000 0 eng d
040 ## - مصدر الفهرسة
وكالة الفهرسة الأصلية GCL /
وكالة النسخ GCL
082 04 - رقم تصنيف ديوى العشرى
رقم التصنيف 759/
رقم المادة V T
100 1# - المدخل الرئيسى - إسم شخصى
الإسم الشخصى Vaisse, Pierre
245 13 - بيان العنوان
العنوان DURER
بيان المسئوليه,etc Pierre Vaisse
260 ## - PUBLICATION, DISTRIBUTION, ETC. (IMPRINT)
تاريخ النشر أو التوزيع 1969.
300 ## - الوصف المادى
التعداد 120 P:
تفاصيل ماديه اخرى للوعاء ill ;
أبعاد الوعاء 30 cm.
650 04 - المدخل الاضافى بالموضوع-مصطلح موضوعى
مصطلح موضوعي PAINTING
650 04 - المدخل الاضافى بالموضوع-مصطلح موضوعى
مصطلح موضوعي PAINTING
التقسيم الفرعي العام HISTORY
650 04 - المدخل الاضافى بالموضوع-مصطلح موضوعى
مصطلح موضوعي PAINTING
التقسيم الفرعي العام TECHNIQUE
942 ## - عناصر المدخل الإضافي( كوها)
مصدر التصنيف او مخطط الترفيف Dewey Decimal Classification
Koha [default] item type كتاب
260 ## - PUBLICATION, DISTRIBUTION, ETC. (IMPRINT)
-- France :
-- Flammarion،
Holdings
حالة التراجع حالة الفقد مصدر التصنيف او خطة الترفيف حالة تلف ليس للاعارة المكان المؤقت الموقع الحالى موقع الترفيف تاريخ الاكتساب اجمالي اﻻعارات رقم الطلب الباركود تاريخ اخر مشاهدة تاريخ تفعيل السعر نوع وعاء كوها
    ddc     مكتبة القاهرة الكبرى مكتبة القاهرة الكبرى   06/15/2022   759/ V T 168090 06/15/2022 06/15/2022 كتاب

Powered By

EGPV